<?xml version="1.0" encoding="UTF-8"?>
<record
    xmlns:xsi="http://www.w3.org/2001/XMLSchema-instance"
    xsi:schemaLocation="http://www.loc.gov/MARC21/slim http://www.loc.gov/standards/marcxml/schema/MARC21slim.xsd"
    xmlns="http://www.loc.gov/MARC21/slim">

  <leader>01711nmm a22003377a 4500</leader>
  <controlfield tag="005">20140320163503.0</controlfield>
  <controlfield tag="008">131125b2010    ck ||||| |||| 00| 0 spa d</controlfield>
  <datafield tag="041" ind1=" " ind2=" ">
    <subfield code="a">spa</subfield>
  </datafield>
  <datafield tag="044" ind1=" " ind2=" ">
    <subfield code="a">ck</subfield>
  </datafield>
  <datafield tag="090" ind1=" " ind2=" ">
    <subfield code="a">LB</subfield>
    <subfield code="b">05770</subfield>
  </datafield>
  <datafield tag="100" ind1=" " ind2=" ">
    <subfield code="a">Barba, Diana</subfield>
    <subfield code="9">2924</subfield>
  </datafield>
  <datafield tag="245" ind1=" " ind2=" ">
    <subfield code="a">La comunicaci&#xF3;n Nacional ante la convenci&#xF3;n marco de las Naciones unidas sobre cambio clim&#xE1;tico</subfield>
  </datafield>
  <datafield tag="260" ind1=" " ind2=" ">
    <subfield code="a">Bogot&#xE1;</subfield>
    <subfield code="b">IDEAM</subfield>
    <subfield code="c">2010</subfield>
  </datafield>
  <datafield tag="300" ind1=" " ind2=" ">
    <subfield code="a">447 p.</subfield>
    <subfield code="b">il., (col), </subfield>
    <subfield code="c">13 cm</subfield>
  </datafield>
  <datafield tag="505" ind1=" " ind2=" ">
    <subfield code="a">Incluye contenido</subfield>
  </datafield>
  <datafield tag="520" ind1=" " ind2=" ">
    <subfield code="a">Colombia, a pesar de tener un territorio con actividades agropecuarias relativamente modestas al compararlas con
los dem&#xE1;s pa&#xED;ses que aportan m&#xE1;s emisiones de gases de efecto invernadero (GEI), igualmente conserva grandes
extensiones de bosques y regiones naturales con significativa importancia mundial. Tales condiciones dan pie para
identificar gestiones enfocadas a conocer con m&#xE1;s detalle el valor de sus esfuerzos ante las diferentes afectaciones
sobre sus ecosistemas y comunidades por el cambio clim&#xE1;tico derivado de los aportes externos.</subfield>
  </datafield>
  <datafield tag="650" ind1=" " ind2=" ">
    <subfield code="a">Inventario Nacional</subfield>
    <subfield code="9">22938</subfield>
  </datafield>
  <datafield tag="650" ind1=" " ind2=" ">
    <subfield code="a">Fuentes y sumideros de gases </subfield>
    <subfield code="9">22939</subfield>
  </datafield>
  <datafield tag="650" ind1=" " ind2=" ">
    <subfield code="a">Efecto invernadero</subfield>
    <subfield code="9">753</subfield>
  </datafield>
  <datafield tag="650" ind1=" " ind2=" ">
    <subfield code="a">Mitigaci&#xF3;n</subfield>
    <subfield code="9">5750</subfield>
  </datafield>
  <datafield tag="650" ind1=" " ind2=" ">
    <subfield code="a">Vulnerabilidad </subfield>
    <subfield code="9">22977</subfield>
  </datafield>
  <datafield tag="650" ind1=" " ind2=" ">
    <subfield code="a">Adaptaci&#xF3;n </subfield>
    <subfield code="9">8288</subfield>
  </datafield>
  <datafield tag="650" ind1=" " ind2=" ">
    <subfield code="a">Estrategia de educaci&#xF3;n</subfield>
    <subfield code="9">22942</subfield>
  </datafield>
  <datafield tag="650" ind1=" " ind2=" ">
    <subfield code="a">Estrategia de formaci&#xF3;n</subfield>
    <subfield code="9">22943</subfield>
  </datafield>
  <datafield tag="650" ind1=" " ind2=" ">
    <subfield code="a">Estrategia de sensibilizaci&#xF3;n</subfield>
    <subfield code="9">22944</subfield>
  </datafield>
  <datafield tag="700" ind1=" " ind2=" ">
    <subfield code="a">Lozano Picon, Ricardo Jos&#xE9;</subfield>
    <subfield code="e">Dr.</subfield>
    <subfield code="9">2931</subfield>
  </datafield>
  <datafield tag="700" ind1=" " ind2=" ">
    <subfield code="a">Chinchilla Torres, Carolina</subfield>
    <subfield code="e">sec.</subfield>
    <subfield code="9">2932</subfield>
  </datafield>
  <datafield tag="700" ind1=" " ind2=" ">
    <subfield code="a">Edici&#xF3;n y Revisi&#xF3;n Mauricio Cabrera Leal ...[etal]</subfield>
    <subfield code="e">ed.</subfield>
    <subfield code="9">2933</subfield>
  </datafield>
  <datafield tag="700" ind1=" " ind2=" ">
    <subfield code="a">PNN Los Nevados, Mario Gonz&#xE1;lez Guar&#xED;n</subfield>
    <subfield code="9">2934</subfield>
  </datafield>
  <datafield tag="942" ind1=" " ind2=" ">
    <subfield code="2">z</subfield>
    <subfield code="c">CD-ROM</subfield>
  </datafield>
  <datafield tag="999" ind1=" " ind2=" ">
    <subfield code="c">7901</subfield>
    <subfield code="d">7901</subfield>
  </datafield>
  <datafield tag="952" ind1=" " ind2=" ">
    <subfield code="0">0</subfield>
    <subfield code="1">0</subfield>
    <subfield code="2">z</subfield>
    <subfield code="4">0</subfield>
    <subfield code="7">0</subfield>
    <subfield code="8">MEDIOSM</subfield>
    <subfield code="a">Bogota</subfield>
    <subfield code="b">Bogota</subfield>
    <subfield code="d">2013-11-25</subfield>
    <subfield code="l">0</subfield>
    <subfield code="o">LB-05770</subfield>
    <subfield code="p">058594</subfield>
    <subfield code="r">2013-11-25 00:00:00</subfield>
    <subfield code="t">Ej. 1</subfield>
    <subfield code="w">2013-11-25</subfield>
    <subfield code="x">Original</subfield>
    <subfield code="y">CD-ROM</subfield>
  </datafield>
</record>
